Speaking a new classicism : American architecture now /

Bibliographic Details
Corporate Authors: Smith College. Museum of Art, Sterling and Francine Clark Art Institute
Other Authors: Searing, Helen, Reed, Henry Hope
Format: Book
Language:English
Published: Northampton, Mass. : Smith College Museum of Art, [1981]
Subjects:

MARC

Tag First Indicator Second Indicator Subfields
LEADER 00000cam a2200000 a 4500
001 in00000085524
005 20151008061525.0
008 820521s1981 maua cb 00000 eng
010 |a  81186313  
035 |a (OCoLC)07446758 
035 |9 AAJ8246AM 
039 0 |a 2  |b 3  |c 3  |d 3  |e 3 
040 |a DLC  |c DLC  |d TXA  |d UtOrBLW 
043 |a n-us--- 
049 |a TXAM  |c [1196735] 
050 0 0 |a NA712.5.C55  |b S67 
082 0 |a 720/.973/07401441  |2 19 
245 0 0 |a Speaking a new classicism :  |b American architecture now /  |c with essays by guest curator Helen Searing and Henry Hope Reed. 
264 1 |a Northampton, Mass. :  |b Smith College Museum of Art,  |c [1981] 
264 4 |c ©1981 
300 |a 72 pages :  |b illustrations ;  |c 22 x 28 cm. 
336 |a text  |b txt  |2 rdacontent 
337 |a unmediated  |b n  |2 rdamedia 
338 |a volume  |b nc  |2 rdacarrier 
500 |a Catalog of an exhibition held at Smith College Museum of Art, Northampton, Mass., Apr. 30-July 12, 1981 and at Sterling and Francine Clark Art Institute, Williamstown, Mass., July 25-Sept. 8, 1981. 
504 |a Includes bibliographical references. 
650 0 |a Classicism in architecture  |z United States  |x Exhibitions. 
650 0 |a Architecture  |z United States  |x Exhibitions. 
650 0 |a Architecture  |z United States  |x History  |y 20th century  |v Exhibitions. 
700 1 |a Searing, Helen. 
700 1 |a Reed, Henry Hope. 
710 2 |a Smith College.  |b Museum of Art. 
710 2 |a Sterling and Francine Clark Art Institute. 
999 |a MARS 
999 f f |s 7d8b6aa9-6386-310d-9307-a8b51bc96b56  |i c7345948-386a-37bf-af96-46b1fcea17f7  |t 0 
952 f f |p normal  |a Texas A&M University  |b College Station  |c Sterling C. Evans Library  |d Evans: Library Stacks  |t 0  |e NA712.5.C55 S67  |h Library of Congress classification  |i unmediated -- volume  |m A14806167352 
998 f f |a NA712.5.C55 S67  |t 0  |l Evans: Library Stacks